00428nam a2200133 a 450000500170000000800410001705000180005810000170007624500360009326000390012944000090016899900190017795200980019620140414131929.0100922s19uu xx 00 eng d aFICbK93 2007 aKrueger, Jim aMy double-edged life :bBook 2. aManila, Philippines :bOMF,c2007. aTomo c112162d112162 001040aMUbMUcFICd2010-09-22l0oFIC K93 2007pM3236r2014-04-14 00:00:00w2014-04-14yBK